Dragon ball : Tous les personnages combattant de la saga Sayan - Statistiques

Statistiques générales
  • Ce quiz a été pris 550 fois
  • Le résultat moyen est 9 sur 12
Statistiques - réponses
Force de combat Réponse % Correct
18.000 Vegeta
100%
24.000 (max) Goku
99%
2.000 (max) Gohan
96%
4.000 Nappa
93%
3.400 (max) Piccolo
92%
1.673 (max) Krilin
91%
1.465 (max) Yamcha
90%
1.834 (max) Tenshinhan
87%
1.500 Raditz
81%
340 Yajirobe
57%
1.200 Saibamens
34%
610 (max) Chaotzu
25%
Aucun quiz correspondant
Distribution des résultats
% des personnes avec chaque résultat
Percentile par nombre de réponses
Votre historique - résultats
Vous n’avez pas pris ce quiz